| 000 | 00563nam a2200193 4500 | ||
|---|---|---|---|
| 001 | 117480 | ||
| 003 | ES-MaACL | ||
| 005 | 20230906190919.0 | ||
| 007 | t| | ||
| 008 | 070214s1976 sp r ||||1| spa d | ||
| 100 | 1 |
_aPannekoek, Antonie. _988802 |
|
| 245 | 1 | 0 |
_aLenin filósofo / _cAntonie Pannekoek. |
| 260 |
_aBilbao : _bZero, _c1976. |
||
| 300 |
_a165 p. ; _c20 cm. |
||
| 490 | 1 | _aBiblioteca promoción del pueblo. Serie P | |
| 830 | 0 |
_aBiblioteca promoción del pueblo. Serie P _9183314 |
|
| 852 |
_aES-MaACL _jA-6364 _bR.95130 |
||
| 999 |
_c117480 _d117480 |
||